| 000 | 00659nam a2200217Ia 4500 | ||
|---|---|---|---|
| 003 | GCL | ||
| 008 | 140319s9999 xx 000 0 ara d | ||
| 040 |
_aGCL / _cGCL |
||
| 082 | 0 | 4 |
_a410 _bم ك |
| 100 | 1 | _aمحسن مهدى | |
| 245 | 1 | 0 |
_aكتاب الحروف: ابونصر الفارابى / _cمحسن مهدى |
| 300 | _a252 ص | ||
| 490 |
_aالفكر العربى والاسلامى _v0 |
||
| 650 | 0 | 4 | _aالفلسفة الاسلامية |
| 650 | 0 | 4 | _aالفلسفة |
| 650 | 0 | 4 | _aاللغة العربية |
| 650 | 0 | 4 | _aالحروف |
| 650 | 0 | 4 | _aالحروف الابجدية |
| 650 | 0 | 4 | _aالابجدية العربية |
| 942 |
_2ddc _cBK |
||
| 999 |
_c49662 _d49662 |
||